Corporate Controller's Manual 1991 Update with Cumulative Index

Saved in:
Bibliographic Details
Other Authors: Wendell, Paul J.
Format: Book
Language:English
Published: Boston Waren, Gorham and Lamont 1990
Edition:2. ed.
Tags: Add Tag
No Tags, Be the first to tag this record!

MARC

LEADER 00000nam a2200000 4500
001 c022615
005 20221215113512.4
041 0 |a eng 
044 |a US 
245 1 0 |a Corporate Controller's Manual  |b 1991 Update with Cumulative Index  |c Edit. Paul J. Wendell 
250 |a 2. ed. 
264 1 |a Boston  |b Waren, Gorham and Lamont  |c 1990 
300 |a Prer. s. 
700 1 |a Wendell, Paul J.